Biologically inspired robot / (Record no. 188974)
[ view plain ]
| 000 -LEADER | |
|---|---|
| fixed length control field | 00785 a2200193 4500 |
| 003 - CONTROL NUMBER IDENTIFIER | |
| control field | NUST |
| 005 - DATE AND TIME OF LATEST TRANSACTION | |
| control field | 20251124180621.0 |
| 040 ## - CATALOGING SOURCE | |
| Transcribing agency | Nust |
| 082 ## - DEWEY DECIMAL CLASSIFICATION NUMBER | |
| Classification number | 621.382,ZUB |
| 100 ## - MAIN ENTRY--PERSONAL NAME | |
| Personal name | Zubair, Muhammad (TCC-19 / TE-44) |
| 9 (RLIN) | 131478 |
| 245 ## - TITLE STATEMENT | |
| Title | Biologically inspired robot / |
| Statement of responsibility, etc. | Muhammad Zubair, Capt Adnan Afzal, Ahmad Masood Katal and Muhammad Waqas Ahmed |
| 260 ## - PUBLICATION, DISTRIBUTION, ETC. | |
| Place of publication, distribution, etc. | Rawalpindi |
| Name of publisher, distributor, etc. | MCS (NUST) |
| Date of publication, distribution, etc. | August 2011 |
| 300 ## - PHYSICAL DESCRIPTION | |
| Extent | ix, 67 p.; |
| 505 ## - FORMATTED CONTENTS NOTE | |
| Formatted contents note | Introduction (Page-1), Mathematical Design Page-7), Electrical Design (Page-15), Mechanical Design (Page-30), Image Processing (Page-37), system Integration (Page-55), References (Page-59). |
| 650 ## - SUBJECT ADDED ENTRY--TOPICAL TERM | |
| Topical term or geographic name entry element | UG Projects |
| 9 (RLIN) | 98716 |
| 651 ## - SUBJECT ADDED ENTRY--GEOGRAPHIC NAME | |
| Geographic name | TCC-19 / TE-44 |
| 9 (RLIN) | 131479 |
| 700 ## - ADDED ENTRY--PERSONAL NAME | |
| Personal name | supervised by Maj Dr. Naveed Iqbal Rao |
| 9 (RLIN) | 132047 |
| 942 ## - ADDED ENTRY ELEMENTS (KOHA) | |
| Koha item type | Project Report |
| Source of classification or shelving scheme | |
| Withdrawn status | Lost status | Source of classification or shelving scheme | Damaged status | Not for loan | Permanent Location | Current Location | Shelving location | Date acquired | Full call number | Barcode | Date last seen | Price effective from | Koha item type | Public note |
|---|---|---|---|---|---|---|---|---|---|---|---|---|---|---|
| Military College of Signals (MCS) | Military College of Signals (MCS) | Reference | 12/12/2016 | 621.382, ZUB | MCSPTC-136 | 12/08/2016 | 12/12/2016 | Project Report | Almirah No. 94, Shelf No. 3 | |||||
| Military College of Signals (MCS) | Military College of Signals (MCS) | Reference | 12/12/2016 | 621.382,ZUB | MCSPTE-194 | 12/08/2016 | 12/12/2016 | Project Report |
